PNL - Que la mif - Paroles - Part 1 - Statistiques

Statistiques générales
  • Ce quiz a été pris 21 fois
  • Le résultat moyen est 256 sur 498
Statistiques - réponses
Réponse % Correct
à
94%
a
94%
À
94%
A
94%
me
94%
ta
94%
F
88%
je
88%
la
88%
88%
là,
88%
88%
que
88%
qué
88%
Que
88%
au
82%
ça
82%
Ça
82%
du
82%
Du
82%
d’une
82%
gros
82%
grosse
82%
Grosse
82%
le
82%
mes
82%
(mes
82%
Message
82%
moment
82%
pas
82%
pas,
82%
So
82%
T’as
82%
t’as
82%
tass,
82%
tu
82%
Tu
82%
un
82%
dans
76%
de
76%
est
76%
fou,
76%
j’pense
76%
J’sais
76%
j’sais
76%
les
76%
Les
76%
On
76%
on
76%
peu
76%
pour
76%
sais
76%
boule,
71%
bras,
71%
comme
71%
dark
71%
J’bouge
71%
l’avenir
71%
ma
71%
soucis
71%
Taga
71%
taga,
71%
te
71%
ton
71%
zitoun,
71%
afghan,
65%
cent
65%
coco,
65%
cousine
65%
(igo),
65%
Igo,
65%
igo,
65%
j’écris
65%
J’fais
65%
pucelle
65%
Sur
65%
sur
65%
vie,
65%
d’la
59%
flow,
59%
Libérez
59%
libérez
59%
niqué
59%
niqué,
59%
quatre
59%
casa,
53%
famille,
53%
invite,
53%
j’peux
53%
j’vais
53%
macadam,
53%
Moha
53%
mon
53%
reconnu
53%
sorties
53%
sous
53%
T’es
53%
va
53%
véner
53%
après-demain
47%
bander
47%
billets
47%
bitch
47%
bon
47%
c’est
47%
chico,
47%
citer
47%
des
47%
et
47%
fait
47%
frère,
47%
frère
47%
frérot,
47%
ghetto
47%
j’vous
47%
l’argent,
47%
Louboutin,
47%
paki,
47%
Plein,
47%
plein
47%
poucave
47%
Salam
47%
Salam,
47%
t’emmène
47%
teste,
47%
tête,
47%
t’habites
47%
tout
47%
veut
47%
vient
47%
voler
47%
zéro
47%
ai
41%
banane
41%
barbe
41%
celui
41%
crari
41%
Demain
41%
deux
41%
dix-sept
41%
en
41%
faut
41%
Ferrari
41%
Jack
41%
j’ai
41%
J’veux
41%
j’veux
41%
j’vois
41%
l’cheval
41%
l’navire
41%
mais
41%
mal
41%
même
41%
navigue,
41%
niquer
41%
ouais
41%
ouais,
41%
parles
41%
piges,
41%
plan
41%
plier
41%
Si
41%
si
41%
souvent
41%
tess
41%
tous
41%
Troie,
41%
Trois
41%
trop,
41%
Trop
41%
trop
41%
vendu
41%
veux
41%
viens
41%
2MZ,
35%
bedo
35%
be-her,
35%
co-mer
35%
comment
35%
dépenser
35%
d’l’oseille,
35%
d’mes
35%
dose
35%
d’pot
35%
faire
35%
fric
35%
Gang)
35%
gang
35%
haut
35%
hess
35%
j’roule
35%
laisse
35%
l’monde
35%
merde
35%
mis
35%
numéro
35%
Paris
35%
Parti
35%
passes
35%
pété
35%
Philipp
35%
pousser
35%
Quand
35%
quand
35%
qu’tu
35%
Ralph’
35%
rhabat,
35%
signé
35%
uno
35%
ville
35%
ville,
35%
vous
35%
bicrave
29%
buraliste,
29%
cave
29%
c’moment
29%
Donc
29%
donne
29%
enfile
29%
fête,
29%
finiras
29%
fumer
29%
fumeur
29%
gangster,
29%
gants
29%
ils
29%
J’en
29%
jour
29%
J’repars
29%
J’suis
29%
j’suis
29%
j’te
29%
laisses
29%
Lau’,
29%
llion-mi
29%
marre,
29%
mierda
29%
mimi
29%
moi
29%
pasa,
29%
plomber
29%
PNL,
29%
prie
29%
P’tite
29%
qu’je
29%
Sans
29%
semelles,
29%
sont
29%
tabacs
29%
une
29%
Zepek,
29%
appellent
24%
cancer
24%
china-china
24%
chute
24%
Corbeil
24%
demi
24%
Fais
24%
fils
24%
grands,
24%
grands
24%
(IGD
24%
j’avais
24%
Jet
24%
joue
24%
j’t’ai
24%
l’bendo
24%
leurs
24%
Maire
24%
m’critiques,
24%
pourtant
24%
punch
24%
sourous
24%
sourous,
24%
sourous)
24%
(sourous)
24%
taffe
24%
t’faire
24%
tient,
24%
Valentina-tina
24%
vu
24%
belek
18%
cash,
18%
demande
18%
Dieu,
18%
dîner
18%
Entouré
18%
frères,
18%
Gina
18%
Gina,
18%
(guapo,
18%
guapo,
18%
guapo)
18%
ici
18%
l’amende
18%
lance-pierre
18%
m’aimes
18%
miens,
18%
pardon
18%
parvis,
18%
passant
18%
ramener
18%
rap
18%
souhaite
18%
t’affiches,
18%
t’en
18%
concert,
12%
défi
12%
j’claque
12%
j’étais
12%
jouent
12%
joues
12%
manières
12%
p’tits
12%
Sanders
12%
sincère
12%
sourire
12%
s’taire
12%
studio
12%
Tony
12%
braquer
6%
feu
6%
IDG,
6%
J’fous
6%
Lino
6%
m’souhaites
6%
Paie-nous
6%
paie-nous
6%
Darori
0%
dealé
0%
kush
0%
Lazeurmi
0%
l’teu-sh
0%
Pénika
0%
trafiquentés
0%
Viper
0%
Aucun quiz correspondant
Distribution des résultats
% des personnes avec chaque résultat
Percentile par nombre de réponses
Votre historique - résultats
Vous n’avez pas pris ce quiz